| 000 | 00463nam a22001937a 4500 | ||
|---|---|---|---|
| 005 | 20230918114515.0 | ||
| 008 | 230918b |||||||| |||| 00| 0 eng d | ||
| 020 | _a9789332518629 | ||
| 082 |
_a629.8312 _bDOR-M |
||
| 100 | _aDorf Richard c. | ||
| 245 | _aModern control systems | ||
| 250 | _a12th ed. | ||
| 260 |
_aIndia _bPerson _c2014 |
||
| 300 | _a1043 | ||
| 500 | _aIncludes Index | ||
| 650 | _aEngineering | ||
| 700 | _aRichard c. dorf | ||
| 999 |
_c33602 _d33602 |
||